Normal view MARC view
  • SYED KASHIF ABBAS NAQVI

Entry Personal Name

Number of records used in: 1

001 - CONTROL NUMBER

  • control field: 70326

003 - CONTROL NUMBER IDENTIFIER

  • control field: NUST

005 - DATE AND TIME OF LATEST TRANSACTION

  • control field: 20210628204431.0

008 - FIXED-LENGTH DATA ELEMENTS

  • fixed length control field: 210628|| aca||aabn | a|a d

040 ## - CATALOGING SOURCE

  • Original cataloging agency: NUST
  • Transcribing agency: NUST

100 ## - HEADING--PERSONAL NAME

  • Personal name: SYED KASHIF ABBAS NAQVI

670 ## - SOURCE DATA FOUND

  • Source citation: Work cat.: (NUST): SYED KASHIF ABBAS NAQVI , TH-SOF-1453-Performance Analysis Of IP Based PBX Of MS(83) Electrical By Syed Kashif Abbas Naqvi, 2017
© 2023 Central Library, National University of Sciences and Technology. All Rights Reserved.